|
|
|
|
| LEADER |
00000nab a2200000 a 4500 |
| 001 |
vtls000065172 |
| 003 |
SK-MaSNL |
| 005 |
20260303172739.0 |
| 008 |
111103c1980 xo 0 slo |
| 015 |
|
|
|a SNBRB19rr/mm-uuuuu
|
| 035 |
|
|
|a CL0075272
|
| 040 |
|
|
|a SNKBUCL
|b slo
|c SNKBUCL
|e AACR2
|
| 041 |
0 |
|
|a slo
|
| 044 |
|
|
|a xo
|c SK
|
| 080 |
|
|
|a 323.2
|2 1981
|
| 080 |
|
|
|a 329.15(437)
|2 1981
|
| 100 |
1 |
|
|a Čada, Václav
|4 aut
|9 370492
|
| 245 |
1 |
0 |
|a Revolučná cesta k vzniku KSČ
|b Rušný september roku 1920
|c Václav Čada
|
| 610 |
|
7 |
|a Komunistická strana Československa
|2 snkbucl
|9 32256
|
| 650 |
0 |
7 |
|a hnutie revolučné
|2 snkbucl
|9 945481
|
| 655 |
|
7 |
|a články z novín a časopisov
|2 snkbucl
|9 267496
|
| 773 |
0 |
|
|t Pravda
|g Roč. 61, č. 219 (16. 9. 1980), s. 4
|
| 850 |
|
|
|a Slovenská národná knižnica v Martine
|a MTA001
|
| 852 |
|
|
|a SNK
|b KIS3GCP
|
| 958 |
|
|
|a RK
|
| 992 |
|
|
|a RBX
|
| 999 |
|
|
|c 2088310
|d 2090240
|